| 000 | 00846nam a2200205 a 4500 | ||
|---|---|---|---|
| 001 | 12728 | ||
| 003 | CO-ViMGA | ||
| 008 | 141112s2004 ck r 000 u spa d | ||
| 040 |
_aCO-ViMGA _bspa _cCO-ViMGA |
||
| 082 | 0 | 4 | _a498 C535ej |
| 110 |
_aColombia, Ministerio de Gobierno, Dirección Genral de integración y desarrollo de la Comunidad _918387 |
||
| 245 | 1 | 0 | _aEjercicios de morfología y de sistaxis en diferentes lenguas colombianas |
| 250 | _a3 | ||
| 260 |
_aSantafé de Bogotá : _bInstituto Linguistico de Verano, _cColombia Ministerio de Gobierno, _c1978 |
||
| 300 | _a113p. | ||
| 590 | _aForma de adquisición : DONACION - - Proveedor : BANCO DE LA REPUBLICA - - Fecha de adquisición : 20 - 11 - 2000 | ||
| 650 | 1 | 4 |
_aINDIGENAS DE COLOMBIA - LENGUAS - BUA _918388 |
| 650 | 1 | 4 |
_aLENGUAS INDIGENAS - COLOMBIA _914388 |
| 942 |
_2ddc _cBK |
||
| 999 |
_c23673 _d23673 |
||